000 00380pab a2200145 454500
008 180718b1985 xxu||||| |||| 00| 0 eng d
100 _aMorris, Roger
245 _aLocal legislation and the government
260 _c1985
300 _a468-9
362 _a26 Apr.
650 _aMunicipal Government - Legislation - U.K.
773 _aLocal Government Chronicle
909 _a13940
999 _c13940
_d13940